| 000 | 00388nam a2200157Ia 4500 | ||
|---|---|---|---|
| 003 | OSt | ||
| 005 | 20231118060206.0 | ||
| 008 | 170524s9999 xx 000 0 und d | ||
| 020 | _a81-8204-004-3 | ||
| 040 | _cIIMT UNIVERSITY | ||
| 100 | _aRastogi- A P | ||
| 245 | 0 | _aHotel organization and the front office management | |
| 260 | _bAnmol publication | ||
| 260 | _c2005 | ||
| 942 |
_2ddc _c02 |
||
| 999 |
_c7417 _d7417 |
||